000 00609nam a2200205Ia 4500
999 _c65223
_d65223
005 20240530110813.0
008 140319s1993 au a f b 000 0 ara d
040 _aGCL /
_cGCL
082 0 4 _221
_a791.53 /
_bف خ
100 0 _aفاروق سعد
245 1 0 _aخيال الظل العربى /
_cفاروق سعد
250 _aط.1
260 _aالقاهرة :
_c1993 .
300 _aمتعدد :
_bايض. ؛
_c33 سم.
650 0 7 _aالفنون التشكيلية
_2qrmak
650 0 7 _aخيال الظل
651 _2qrmak
942 _2ddc
_cBK